<?xml version="1.0" encoding="UTF-8"?>
<record
    xmlns:xsi="http://www.w3.org/2001/XMLSchema-instance"
    xsi:schemaLocation="http://www.loc.gov/MARC21/slim http://www.loc.gov/standards/marcxml/schema/MARC21slim.xsd"
    xmlns="http://www.loc.gov/MARC21/slim">

  <leader>00424nam a2200169Ia 4500</leader>
  <controlfield tag="008">230711s9999||||xx |||||||||||||| ||und||</controlfield>
  <datafield tag="020" ind1=" " ind2=" ">
    <subfield code="a">978-93-85059-32-2</subfield>
  </datafield>
  <datafield tag="041" ind1=" " ind2=" ">
    <subfield code="a">ENG</subfield>
  </datafield>
  <datafield tag="082" ind1=" " ind2=" ">
    <subfield code="a">687.0688</subfield>
    <subfield code="b">RA-A</subfield>
  </datafield>
  <datafield tag="100" ind1=" " ind2=" ">
    <subfield code="a">Rathinamoorthy,R</subfield>
  </datafield>
  <datafield tag="245" ind1=" " ind2="0">
    <subfield code="a">Apparel Merchandising</subfield>
  </datafield>
  <datafield tag="250" ind1=" " ind2=" ">
    <subfield code="a">1st Ed.</subfield>
  </datafield>
  <datafield tag="260" ind1=" " ind2=" ">
    <subfield code="c">2018</subfield>
    <subfield code="a">New Delhi</subfield>
    <subfield code="b">Woodhead Publishing Pvt Ltd</subfield>
  </datafield>
  <datafield tag="300" ind1=" " ind2=" ">
    <subfield code="a">381p.</subfield>
  </datafield>
  <datafield tag="650" ind1=" " ind2=" ">
    <subfield code="a">Textile Engineering</subfield>
  </datafield>
  <datafield tag="942" ind1=" " ind2=" ">
    <subfield code="c">BK</subfield>
  </datafield>
  <datafield tag="952" ind1=" " ind2=" ">
    <subfield code="0">0</subfield>
    <subfield code="1">0</subfield>
    <subfield code="4">0</subfield>
    <subfield code="7">0</subfield>
    <subfield code="8">C</subfield>
    <subfield code="a">MCL</subfield>
    <subfield code="b">MCL</subfield>
    <subfield code="d">0000-00-00</subfield>
    <subfield code="e">Technical Bureau India PVT.LTD</subfield>
    <subfield code="g">3695.00</subfield>
    <subfield code="i">TB47844713</subfield>
    <subfield code="l">8</subfield>
    <subfield code="o">687.0688 RA-A</subfield>
    <subfield code="p">41382</subfield>
    <subfield code="r">2025-12-19 15:06:05</subfield>
    <subfield code="s">2025-11-28</subfield>
    <subfield code="w">2023-08-17</subfield>
    <subfield code="y">BK</subfield>
  </datafield>
  <datafield tag="952" ind1=" " ind2=" ">
    <subfield code="0">0</subfield>
    <subfield code="1">0</subfield>
    <subfield code="4">0</subfield>
    <subfield code="7">0</subfield>
    <subfield code="8">C</subfield>
    <subfield code="a">MCL</subfield>
    <subfield code="b">MCL</subfield>
    <subfield code="d">0000-00-00</subfield>
    <subfield code="e">Technical Bureau India PVT.LTD</subfield>
    <subfield code="g">3695.00</subfield>
    <subfield code="i">TB47844713</subfield>
    <subfield code="l">6</subfield>
    <subfield code="o">687.0688 RA-A</subfield>
    <subfield code="p">41383</subfield>
    <subfield code="r">2025-10-06 14:14:07</subfield>
    <subfield code="s">2025-09-11</subfield>
    <subfield code="w">2023-08-17</subfield>
    <subfield code="y">BK</subfield>
  </datafield>
  <datafield tag="952" ind1=" " ind2=" ">
    <subfield code="0">0</subfield>
    <subfield code="1">0</subfield>
    <subfield code="4">0</subfield>
    <subfield code="7">0</subfield>
    <subfield code="8">C</subfield>
    <subfield code="a">MCL</subfield>
    <subfield code="b">MCL</subfield>
    <subfield code="d">0000-00-00</subfield>
    <subfield code="e">Technical Bureau India PVT.LTD</subfield>
    <subfield code="g">3695.00</subfield>
    <subfield code="i">TB47844713</subfield>
    <subfield code="l">12</subfield>
    <subfield code="o">687.0688 RA-A</subfield>
    <subfield code="p">41384</subfield>
    <subfield code="r">2025-12-09 15:43:13</subfield>
    <subfield code="s">2025-11-21</subfield>
    <subfield code="w">2023-08-17</subfield>
    <subfield code="y">BK</subfield>
  </datafield>
  <datafield tag="952" ind1=" " ind2=" ">
    <subfield code="0">0</subfield>
    <subfield code="1">0</subfield>
    <subfield code="4">0</subfield>
    <subfield code="7">0</subfield>
    <subfield code="8">C</subfield>
    <subfield code="a">MCL</subfield>
    <subfield code="b">MCL</subfield>
    <subfield code="d">0000-00-00</subfield>
    <subfield code="e">Technical Bureau India PVT.LTD</subfield>
    <subfield code="g">3695.00</subfield>
    <subfield code="i">TB47844713</subfield>
    <subfield code="l">5</subfield>
    <subfield code="o">687.0688 RA-A</subfield>
    <subfield code="p">41385</subfield>
    <subfield code="r">2025-09-30 16:26:45</subfield>
    <subfield code="s">2025-09-08</subfield>
    <subfield code="w">2023-08-17</subfield>
    <subfield code="y">BK</subfield>
  </datafield>
  <datafield tag="952" ind1=" " ind2=" ">
    <subfield code="0">0</subfield>
    <subfield code="1">0</subfield>
    <subfield code="4">0</subfield>
    <subfield code="7">0</subfield>
    <subfield code="8">C</subfield>
    <subfield code="a">MCL</subfield>
    <subfield code="b">MCL</subfield>
    <subfield code="d">0000-00-00</subfield>
    <subfield code="e">Technical Bureau India PVT.LTD</subfield>
    <subfield code="g">3695.00</subfield>
    <subfield code="i">TB47844713</subfield>
    <subfield code="l">11</subfield>
    <subfield code="o">687.0688 RA-A</subfield>
    <subfield code="p">41386</subfield>
    <subfield code="r">2025-12-09 15:42:51</subfield>
    <subfield code="s">2025-11-21</subfield>
    <subfield code="w">2023-08-17</subfield>
    <subfield code="y">BK</subfield>
  </datafield>
  <datafield tag="999" ind1=" " ind2=" ">
    <subfield code="c">7011</subfield>
    <subfield code="d">7011</subfield>
  </datafield>
</record>
